01554nac a22003611i 4500003000900000005001700009008004100026020001500067020001800082035002300100040004300123082001900166100002800185245016000213250001900373264007000392264001000462300004900472336002600521337002800547338002700575504005200602650003400654650004300688650002300731655001700754700005600771700002800827942001200855999001500867952016000882952015001042EG-ScBUE20250529084549.0250313t2007 njua af b 001 0 eng d a013188090X a9780131880900 a(OCoLC)ocm61684269 aEG-ScBUEbengerdacEG-ScBUEdEG-ScBUE04a519.5bNEW2221 aNewbold, Paul,eauthor.10aStatistics for business and economics /cPaul Newbold, University of Nottingham, William L. Carlson, St. Olaf College, Betty M. Thorne, Stetson University. aSixth edition. 1aUpper Saddle River, New Jersey : bPearson-Prentice Hall,c[2007] 4cc2007 axxii, 984, 8 pages :billustrations ;c29 cm 2rdacontentatextbtxt aunmediated2rdamediabn avolumebnc2rdacarrier aIncludes bibliographical references and index.  7aCommercial statistics.2BUEsh 7aEconomicsxStatistical methods.2BUEsh 7aStatistics.2BUEsh vReading book1 aCarlson, William L.q(William Lee),d1938-eauthor.1 aThorne, Betty,eauthor. cBB2ddc c8771d8771 00102ddc40708BaccahaMAINbMAINc1STd2008-03-24ePurchaseg224.00l4m4o519.5 NEWp000010520r2025-07-15 00:00:00s2021-12-16v280.00w2008-03-24yBB 00102ddc40708BaccahaMAINbMAINc1STd2008-03-24ePurchaseg224.00l0o519.5 NEWp000010764r2022-08-24 00:00:00v280.00w2008-03-25yCDVDWBB